000 00704nam a2200289Ia 4500
005 20260324150400.0
008 008 260324s9999 xx 000 0 eng d
020 _a9781032643564
037 _aEBOOK
040 _aCRL
040 _beng
040 _cCRL
041 _2eng
041 _aeng
084 _qCRL
100 _aGeorge E. Arbaugh; George B. Arbaugh
_91226231
245 0 _aKierkegaard's Authorship
245 2 _bA Guide to the Writings of Kierkegaard
260 _bTaylor and Francis
260 _c1968
365 _a
365 _b205
856 _uhttp://www.taylorfrancis.com/books/9781032643564
942 _cEBOOK
999 _c1835582
_d1835582